Missouri Quiz - Statistics

General Stats
  • This quiz has been taken 328 times
  • The average score is 11 of 15
Answer Stats
Hint Answer % Correct
Bordering state and rival to the west Kansas
98%
Largest City Proper Kansas City
93%
Capital Jefferson City
91%
Only city not in a county St. Louis
91%
Missouri's postal abbreviation MO
86%
Major league baseball team who won the 2011 world series St. Louis Cardinals
84%
City in southwest Missouri that was hit by a tornado on May 22, 2011 Joplin
79%
River that forms the eastern border Mississippi River
79%
Popular tourist town in southern Missouri Branson
77%
3rd largest city Springfield
75%
River that flows through the center of the state Missouri River
73%
Major university in Columbia, Missouri. MIZZOU University of Missouri
64%
Dissected plateau that covers southern Missouri Ozark Mountains
57%
Fault line that runs in southeast Missouri/Western Tennessee New Madrid
45%
City that was formerly the start of the Pony Express St. Joseph
39%
No matching quizzes found
Score Distribution
Percent of People with Each Score
Percentile by Number Answered
Your Score History
You have not taken this quiz